| 000 | 01422nam a2200361 a 4500 | ||
|---|---|---|---|
| 001 | ebr5003270 | ||
| 003 | CaPaEBR | ||
| 006 | m u | ||
| 007 | cr cn||||||||| | ||
| 008 | 000223s1999 enka sb 001 0 eng | ||
| 010 | _z 00500606 | ||
| 020 | _z0750709022 (paper) | ||
| 020 | _z0750709030 (cased) | ||
| 040 |
_aCaPaEBR _cCaPaEBR |
||
| 035 | _a(OCoLC)49870046 | ||
| 050 | 1 | 4 |
_aQA11 _b.I66 1999eb |
| 082 | 0 | 4 |
_a510.7/1 _221 |
| 245 | 0 | 0 |
_aInternational comparisons in mathematics education _h[electronic resource] / _cedited by Gabriele Kaiser, Eduardo Luna, and Ian Huntley. |
| 260 |
_aLondon ; _aPhiladelphia : _bFalmer Press, _c1999. |
||
| 300 |
_aix, 269 p. : _bill. |
||
| 490 | 1 |
_aStudies in mathematics education series ; _v11 |
|
| 504 | _aIncludes bibliographical references and index. | ||
| 533 |
_aElectronic reproduction. _bPalo Alto, Calif. : _cebrary, _d2013. _nAvailable via World Wide Web. _nAccess may be limited to ebrary affiliated libraries. |
||
| 650 | 0 |
_aMathematics _xStudy and teaching. |
|
| 650 | 0 | _aComparative education. | |
| 655 | 7 |
_aElectronic books. _2local |
|
| 700 | 1 | _aKaiser, Gabriele. | |
| 700 | 1 | _aLuna, Eduardo. | |
| 700 | 1 | _aHuntley, Ian. | |
| 710 | 2 | _aebrary, Inc. | |
| 830 | 0 |
_aStudies in mathematics education series ; _v11. |
|
| 856 | 4 | 0 |
_uhttp://site.ebrary.com/lib/rucke/Doc?id=5003270 _zAn electronic book accessible through the World Wide Web; click to view |
| 999 |
_c150 _d150 |
||